My life in dog years / (Record no. 298563)
[ view plain ]
| 000 -LEADER | |
|---|---|
| fixed length control field | 00903nam a2200289Ia 4500 |
| 008 - FIXED-LENGTH DATA ELEMENTS--GENERAL INFORMATION | |
| fixed length control field | 160803s9999 xx 000 0 und d |
| 020 ## - INTERNATIONAL STANDARD BOOK NUMBER | |
| International Standard Book Number | 978-0440414711 |
| 100 ## - MAIN ENTRY--PERSONAL NAME | |
| Personal name | Paulsen, Gary |
| 245 ## - TITLE STATEMENT | |
| Title | My life in dog years / |
| 245 ## - TITLE STATEMENT | |
| Statement of responsibility, etc | Gary Paulsen ; illustrations by Ruth Wright Paulsen. |
| 260 ## - PUBLICATION, DISTRIBUTION, ETC. (IMPRINT) | |
| Place of publication, distribution, etc | New York : |
| 260 ## - PUBLICATION, DISTRIBUTION, ETC. (IMPRINT) | |
| Name of publisher, distributor, etc | Scholastic Inc. |
| 260 ## - PUBLICATION, DISTRIBUTION, ETC. (IMPRINT) | |
| Date of publication, distribution, etc | 1998 |
| 300 ## - PHYSICAL DESCRIPTION | |
| Extent | 137 pages : |
| 300 ## - PHYSICAL DESCRIPTION | |
| Other physical details | illustrations ; |
| 300 ## - PHYSICAL DESCRIPTION | |
| Dimensions | 20 cm |
| 500 ## - GENERAL NOTE | |
| General note | Originally published: New York : Delacorte Press, c1998. |
| 650 ## - SUBJECT ADDED ENTRY--TOPICAL TERM | |
| Topical term or geographic name as entry element | Authors, American -- 20th century -- Biography -- |
| 650 ## - SUBJECT ADDED ENTRY--TOPICAL TERM | |
| Topical term or geographic name as entry element | Dog owners -- United States -- Biography -- |
| 650 ## - SUBJECT ADDED ENTRY--TOPICAL TERM | |
| Topical term or geographic name as entry element | Dogs -- United States -- Anecdotes -- |
| 650 ## - SUBJECT ADDED ENTRY--TOPICAL TERM | |
| Topical term or geographic name as entry element | Paulsen, Gary -- |
| 650 ## - SUBJECT ADDED ENTRY--TOPICAL TERM | |
| General subdivision | Juvenile literature. |
| 650 ## - SUBJECT ADDED ENTRY--TOPICAL TERM | |
| General subdivision | Juvenile literature. |
| 650 ## - SUBJECT ADDED ENTRY--TOPICAL TERM | |
| General subdivision | Juvenile literature. |
| 650 ## - SUBJECT ADDED ENTRY--TOPICAL TERM | |
| General subdivision | Juvenile literature. |
| 700 ## - ADDED ENTRY--PERSONAL NAME | |
| Personal name | 1150 |
| Withdrawn status | Lost status | Damaged status | Home library | Current library | Shelving location | Date acquired | Total Checkouts | Barcode | Date last seen | Price effective from | Koha item type |
|---|---|---|---|---|---|---|---|---|---|---|---|
| Stonyhurst Southville International School (Batangas) | Stonyhurst Southville International School (Batangas) | Lexiled | 08/03/2016 | SC-489 | 08/03/2016 | 08/03/2016 | Books |